| 000 | 00631nam a2200193 a 4500 | ||
|---|---|---|---|
| 005 | 20251205063952.0 | ||
| 008 | 991125s1984 mx 000 0 spa u | ||
| 035 | _aUPN01000031473 | ||
| 049 | _aF | ||
| 050 | 4 |
_aLB1025 _bD5 no.5a |
|
| 100 | 1 |
_aBloom, Benjamin S. _q(Benjamin Samuel), _d1913-1999 _930181 |
|
| 245 | 1 | 3 |
_aLa inocencia en la educación / _cBenjamin S. Bloom. |
| 260 |
_aMéxico : _bUniversidad Iberoamericana, Centro de Didáctica, _c1984. |
||
| 300 | _ap. 41-54 5a | ||
| 440 | 0 |
_aDIDAC. _pBoletín ; _v5a |
|
| 650 | 4 |
_aEnseñanza _vColecciones _921467 |
|
| 650 | 4 |
_aSociología de la educación _94896 |
|
| 905 | _aLibro | ||
| 999 |
_c31473 _d31473 |
||